000 00556nam a2200241Ia 4500
003 OSt
005 20220912152425.0
006 a|||||r|||| 00| 0
007 ta
008 220909b |||||||| |||| 00| 0 eng d
024 _a48262
037 _cTextual
040 _aCSL
_beng
_cCSL
041 _aeng
082 _aE7, J31
100 _aBalduvin E
245 0 _aDynamic aspect of biochemistry
260 _c1953
300 _ap.
_ccm.
650 _aBiochemistry
942 _hE7, J31
_cTEXL
_2CC
999 _c85674
_d85674